| 000 | 00598nam a2200193Ia 4500 | ||
|---|---|---|---|
| 005 | 20250326143222.0 | ||
| 008 | 250326s9999 xx 000 0 und d | ||
| 020 | _a0-8213-5468-X | ||
| 037 | _aTextbook | ||
| 040 |
_aFMSL _beng _cFMSL |
||
| 041 |
_aeng _2eng |
||
| 084 |
_aX:89ZB.44r P4 _qFMSL |
||
| 100 |
_aThe Worls Bank _9747638 |
||
| 245 | 0 |
_aWorld development report 2004 : Making sercices work for poor people _cThe Worls Bank |
|
| 260 |
_aOxford _bOxford, Oxford University Press _c2004 |
||
| 300 | _axvi,271 | ||
| 942 |
_cTB _hX:89ZB.44r P4 |
||
| 999 |
_c1298644 _d1298644 |
||